000 00550nam a2200097Ia 4500
008 170517s9999 xx 000 0 und d
245 _aCryonics: Death in the Deep Freeze
300 _aThe first ever footage of a person being cryonically frozen is to be broadcast in a Channel Five documentary that will follow a woman who is terminally ill with cancer before and after her death. We're really very proud of what we have achieved with this programme -...
650 _xTechnology.
856 _uhttp://topdocumentaryfilms.com/cryonics-death-deep-freeze/
999 _c335026
_d335026